000 005000000a22001930004500
001 002880
003 MACL
005 20150715141212.0
008 150715b xxu||||| |||| 00| 0 eng d
040 _aMACL
_cMACL
041 _aEnglish
082 _a324/ASS
100 _aAssadi, Muzaffar H
_92196
245 _aPeasant Movement In Karnataka 19809̜4
_cMuzaffar H Assadi
260 _aDelhi
_c1997
_bShipra Publications,
350 _a480
650 _aPolitical Science
_988
942 _k324
_cBK
_2ddc
999 _c14788
_d14788